Central Library || Chittagong University

ইসলামী জ্ঞান-বিজ্ঞান প্রচার ও প্রসারে চট্টগ্রাম দারুল উলুম আলিয়া মাদরাসার অবদান/ (Record no. 109867)

MARC details
000 -LEADER
fixed length control field 01531nam a2200241 a 4500
001 - CONTROL NUMBER
control field 087948
003 - CONTROL NUMBER IDENTIFIER
control field BD-ChCU
005 - DATE AND TIME OF LATEST TRANSACTION
control field 20251126123943.0
008 - FIXED-LENGTH DATA ELEMENTS--GENERAL INFORMATION
fixed length control field 251126016 abg b 001 ben
020 ## - INTERNATIONAL STANDARD BOOK NUMBER
International Standard Book Number 9789843419231
040 ## - CATALOGING SOURCE
Original cataloging agency DLC
Transcribing agency DLC
Modifying agency BD-ChCU
082 00 - DEWEY DECIMAL CLASSIFICATION NUMBER
Classification number ৩৭১.০৭৭/নোমা৮৯ই
100 1# - MAIN ENTRY--PERSONAL NAME
Personal name নোমান, সাইয়েদ মুহাম্মদ আবু
245 00 - TITLE STATEMENT
Title ইসলামী জ্ঞান-বিজ্ঞান প্রচার ও প্রসারে চট্টগ্রাম দারুল উলুম আলিয়া মাদরাসার অবদান/
Statement of responsibility, etc.
-- সাইয়েদ মুহাম্মদ আবু নোমান
246 00 - VARYING FORM OF TITLE
Title proper/short title Islami ghan-bighan prochar o proshare Chattagram darul ulum alia madrashar abodan
250 ## - EDITION STATEMENT
Edition statement সং
260 ## - PUBLICATION, DISTRIBUTION, ETC.
Place of publication, distribution, etc. চট্টগ্রাম :
Date of publication, distribution, etc. আলহাজ্ব আবুল কালাম প্রকাশক:
-- ২০১৭
300 ## - PHYSICAL DESCRIPTION
Extent ৫২৮পৃ.
504 ## - BIBLIOGRAPHY, ETC. NOTE
Bibliography, etc. note Includes index and bibliograpy(L1-8).কম্পিউটার পান্ডুলিপি(ফটোকপি)। থিসিস (পিএইচ.ডি) -- চট্টগ্রাম বিশ্ববিদ্যালয়, ২০১৫
650 #0 - SUBJECT ADDED ENTRY--TOPICAL TERM
Topical term or geographic name entry element চট্টগ্রাম, দারুল উলুম আলিয়া মাদরাসা -জ্ঞান বিজ্ঞান প্রসারে অবদান
9 (RLIN) 16972
650 ## - SUBJECT ADDED ENTRY--TOPICAL TERM
Topical term or geographic name entry element Chattagram, Darul Ulum Alia Madrasha
942 ## - ADDED ENTRY ELEMENTS (KOHA)
Source of classification or shelving scheme Dewey Decimal Classification
Koha item type Books
Holdings
Withdrawn status Lost status Source of classification or shelving scheme Damaged status Not for loan Home library Current library Shelving location Date acquired Source of acquisition Total Checkouts Full call number Barcode Date last seen Price effective from Koha item type
    Dewey Decimal Classification     Chittagong University Library Chittagong University Library Arts and Humanities Reading Room 11/26/2025 ক্রয়কৃত   ৩৭১.০৭৭/নোমা৮৯ই 334530 11/26/2025 11/26/2025 Books
© Copyright 2026. Chittagong University Library, Installation and Maintenance by Prof. Dr. Md. Alamgir, 01711306253